000 01276nam0a2200337 4500
001 RU\NLR\bibl\448597
005 20260407010413.0
010 _a5-7464-0716-Х
_9300
021 _aRU
_b2003-42106
_92001
035 _a(NLR Aleph) 000442249
090 _a821486
_c821486
100 _a20031017d2003 |||y0rusy50 ca
101 0 _arus
102 _aRU
105 _aa |||||||||
200 1 _aКазанское физико-математическое общество
_fГ. Е. Изотов
210 _aКазань
_cИзд-во Каз. ун-та
_d2003
215 _a31, [1] с., [2] л. ил.
_d20
320 _aБиблиогр. в подстроч. прим.
601 0 2 _aФизико-математическое общество
_cКазань
_92309754
_3RU\NLR\auth\661382400
686 _aВ.е(2)л5
700 1 _aИзотов
_bГ. Е.
_gГеннадий Евгеньевич
_4070
712 0 2 _4570
_aФизико-математическое общество
_cКазань, до 1917 г.
_9492371
_3RU\NLR\AUTH\889997565
801 0 _aRU
_bNLR
_c20031017
_gPSBO
801 1 _aRU
_bNLR
_c20031017
830 _aавт. по кн.
942 _cBOOK
980 _aNB
980 _aNBR